000 00860nam a2200217Ia 4500
999 _c49837
_d49837
001 16772
003 GE_BSU
005 20221213120556.0
008 181216s1980ge xx |||||||||||||| ||geo||
040 _cGE_BSU
041 _ageo
080 _a821.353.1-32 ვ-21
100 _aვარშანიძე, მამია
_916378
245 _aჩემი დედულეთი
_bქრონიკები. [წ. 1] /
_cმამია ვარშანიძე, რედ.ზ.ფირცხალაიშვილი.
264 _aბათუმი :
_bსაბჭ. აჭარა,
_c1980.
300 _a183 გვ.:
_b21 სმ.
653 _aქრონიკები
653 _aჩემი დედულეთი
700 _aფირცხალაიშვილი, ზ
_eრედაქტორი
_93678
942 _cBK
_2udc